000
00306nam a22001337a 4500
008
170613b xxu||||| |||| 00| 0 eng d
020
_a
9781588262325
041
_a
eng
080
_a
94
100
_a
17
101
_a
SHH
245
_a
THE UNITED NATIONS AND REGIONAL SECURITY
_c
PUGHM.M
942
_2
udc
_c
BK
999
_c
17151
_d
17151